LEADER 01785oem 2200481Ia 450 001 9910700301703321 005 20110603123917.0 035 $a(CKB)5470000002409975 035 $a(OCoLC)53322612 035 $a(EXLCZ)995470000002409975 100 $a20031031d2003 ca 101 0 $aeng 120 $ab|||||||||||| 121 $a||||||||| 124 $bd 135 $aurcn||||||||| 181 $ccrd$2rdacontent 182 $cc$2rdamedia 183 $acr$2rdacarrier 200 10$aSurficial geologic map of parts of the Misheguk Mountain and Baird Mountains quadrangles, Noatak National Preserve, Alaska$b[electronic resource] /$fby Thomas D. Hamilton 205 $aVersion 1.0. 210 1$a[Reston, Va.] :$cU.S. Dept. of the Interior, U.S. Geological Survey,$d2003. 215 $a1 online resource (1 map) $ccolor +$e1 pamphlet (12 pages) 225 1 $aU.S. Geological Survey open-file report ;$v03-367 300 $aRelief shown by contours and spot heights. 300 $aTitle from HTML index page (viewed Oct. 30, 2003). 300 $aIncludes text, location map, and location index map, 320 $aIncludes biblographical references in pamphlet (pages 10-12). 606 $aGeology, Structural$zAlaska$zNoatak National Preserve$vMaps 608 $aMaps.$2lcgft 615 0$aGeology, Structural 700 $aHamilton$b Thomas D$g(Thomas Dudley),$f1936-$01395895 712 02$aGeological Survey (U.S.) 801 0$bGIS 801 1$bGIS 801 2$bOCLCQ 801 2$bOCLCG 801 2$bRLA 801 2$bGPO 906 $aBOOK 912 $a9910700301703321 996 $aSurficial geologic map of parts of the Misheguk Mountain and Baird Mountains quadrangles, Noatak National Preserve, Alaska$93516222 997 $aUNINA